Super Epic Greek Mythology Quiz - Statistics

General Stats
  • This quiz has been taken 525 times
  • The average score is 61 of 155
Answer Stats
Hint Answer % Correct
Has never cheated on his wife :) ; has a big three headed dog Hades
96%
Goddess of marriage and murdering her husband's bastard children) Hera
96%
God of horses and the sea Poseidon
96%
God of being a massive slut (also of music, oracles, sun, medicine and a million other things Apollo
95%
Has slept with his sister, married his other sister, slept with his grandmother, his niece his.. Zeus
92%
Goddess of the hearth and home (most unproblematic 🫶) Hestia
91%
Super cool goddess who basically exploded out of Zeus' brain Athena
90%
Leader of an epic bunch of nymphs; maiden goddess who has a quite opposite twin brother Artemis
89%
Aphrodite cheated on her husband with him Ares
88%
Got so upset over the kidnapping of Persephone that she tried to quit her job (as a goddess) Demeter
87%
Mother Earth, had a bunch of weird kids Gaia
87%
Titan god of time, father of Zeus Kronos
87%
Goddess of spring Persephone
87%
God of forges Hephaestus
83%
Goddess of discord Eris
79%
One of the three gorgons; her story is often misinterpreted Medusa
78%
Goddess of victory Nike
78%
King of Ithaca who went on the most ridiculous trip home ever Odysseus
78%
Stole a bunch of Apollo's sacred cattle and used the excuse of "I'm just a baby!" Hermes
77%
Greek hero in the Trojan war; had a tantrum and refused to fight Achilles
76%
Killed Medusa Perseus
76%
God of ecstasy who pretty much had a cult Dionysus
74%
Has the head of a bull and the body of a man Minotaur
73%
A pretty cool centaur Chiron
72%
Sorceress who turned a bunch of guys into pigs Circe
72%
Most beautiful mortal woman Helen
72%
Sky, Heaven, husband (and son) of Gaia Ouranos
72%
Son of ^ ; flew a bit too close to the sun Icarus
71%
Shot Achilles with an arrow Paris
69%
The oldest Olympian Aphrodite
67%
Personification / goddess of night Nyx
67%
God of sleep Hypnos
66%
Roman form of Zeus Jupiter
66%
The deepest part of the Underworld Tartarus
66%
Lives on an island alone in the middle of nowhere that nobody can find (haha Odysseus pun) Calypso
65%
Empty space before the creation of the universe Chaos
64%
Personification of the sun Helios
64%
Mother of Zeus Rhea
64%
Killed the Minotaur Theseus
64%
lion/goat/snake monster Chimera
63%
God of nature Pan
63%
Primordial god of desire Eros
62%
Killed his father and married his mother (unknowingly) Oedipus
62%
winged horse; born from the death of Medusa Pegasus
62%
Messenger goddess of rainbows Iris
61%
God of death Thanatos
60%
Goddess of revenge Nemesis
59%
Hero of the Trojan side Hector
58%
Roman form of Ares Mars
58%
Best friend (AND LOVER) of Achilles Patroclus
56%
Greek leader in the Trojan war; king and brother of Menelaus Agamemnon
55%
Designer of the Labyrinth Daedalus
53%
Personification of the moon Selene
53%
River that souls cross upon entering the underworld Styx
53%
Hero whose name is often used in its Roman form rather than its Greek form. (And it makes me angry) Heracles
50%
Goddesses of literature, science and the arts (hint: Thalia, Calliope, Clio) The Muses
50%
King who could turn anything he touched into gold Midas
43%
Roman form of Hephaestus Vulcan
43%
What Chiron is Centaur
42%
His wife was stolen by Paris Menelaus
42%
Man-eating sea monster who has six dog-forms on her thighs Scylla
42%
King of Troy Priam
41%
Wife of Eros Psyche
41%
Goddess of dawn Eos
40%
Goddess of youth Hebe
40%
Opened a box, didn't end well. Pandora
40%
Name of two guys in the Trojan war Ajax
38%
Captain of the Argo Jason
38%
Mother of Apollo and Artemis Leto
38%
Wife of Poseidon Amphitrite
37%
Holds the heavens apart from the Earth Atlas
37%
Liked his own reflection a bit too much Narcissus
37%
Clotho, Lachesis and Atropos The Fates
37%
Ruler of Crete; judge of the dead Minos
36%
Son of Apollo; god of medicine Asclepius
35%
Titan god of the sea Oceanus
35%
Wife of Nobody Penelope
35%
god of fear and panic Phobos
35%
Son of Poseidon Triton
34%
One of the deadliest creatures; son of Gaia and Tartarus Typhon
34%
Was killed for attempting to assault Artemis (or Opis) and placed among the stars as a constellation. Orion
33%
Beautiful male mortal lover of Aphrodite Adonis
32%
Roman version of Artemis Diana
32%
He looked back Orpheus
32%
Roman form of Hestia Vesta
32%
Cursed by Hera to only repeat words said by others Echo
31%
Nymph who was chased by Apollo and then turned into a tree to get away from him. Daphne
30%
God of forethought Prometheus
30%
Male nature spirits with goat legs Satyr
30%
Monsters with the face and body of a woman but a bird's wings and claws. Harpy
28%
Roman form of Hades Pluto
28%
Has to roll a rock up a hill but it just doesn't work (in Tartarus) Sisyphus
28%
Cursed by Apollo to have nobody ever believe her prophecies Cassandra
27%
Roman version of Athena Minerva
27%
The triple-form goddess who often carries torches Hecate
26%
Roman form of Hera Juno
26%
Cyclops who really hates Nobody Polyphemus
26%
God of the wind Aeolus
25%
Roman version of Dionysus Bacchus
25%
Gaia's weird single-eyed kids Cyclopes
25%
Tree nymphs Dryads
24%
Male lover of Apollo who was killed by a discus. Hyacinthus
24%
Wife of Typhon Echidna
22%
GODDAMNNIT ^ HE HAD ONE JOB AND IF HE HAD DONE IT SHE WOULD BE ALIVE Eurydice
21%
Twins who became the constellation Gemini Castor and Pollux
20%
Twin brother of ^ ; god of terror Deimos
20%
Water nymphs Naiads
20%
Mother of Achilles Thetis
20%
Name given by Ouranos to his children Titans
19%
River of forgetfulness Lethe
18%
Goddess of justice Themis
18%
Goddess of luck Tyche
18%
Titan god and father of the sun, moon and dawn. Hyperion
17%
Demigod son of Aphrodite Aeneas
16%
Goddess of snow Khione
16%
Wife of Minos who slept with a bull (long story) Pasiphae
16%
Fed his son to the gods (He is a prisoner in Tartarus) Tantalus
16%
Personification of darkness Erebus
15%
Male mortal lover of Zeus Ganymede
15%
God of rebirth; was brutally murdered and eaten by the titans on the orders of Hera. His heart survived and he was reborn as the god Dionysus. Zagreus
14%
Super epic hero of the Trojan war that everyone forgets about (King of Argos) Diomedes
13%
Goddess of day Hemera
13%
Lover of Zeus who wanted to see his true form. It was too extreme and she died, leaving a baby Dionysus behind. Semele
13%
Super fast horse Arion
12%
Mother of Athena Metis
12%
Titan of Mortality Iapetus
10%
Titan mother of the nine muses Mnemosyne
10%
Titan goddess, wife of ^ Tethys
10%
^ his twin brother, god of afterthought Epimetheus
9%
Father of Achilles Peleus
9%
Primordial god of the sea Pontus
9%
Daughter of Aphrodite and Ares Harmonia
8%
child of Aphrodite and Hermes Hermaphroditus
8%
Mother of Hermes Maia
8%
Son of Darkness and Night; primordial god of light Aether
7%
Wife of king Priam Hecuba
6%
Daughter of Agamemnon who was sacrificed to appease Artemis Iphigenia
6%
Only child of Persephone and Hades Melinoe
6%
River of fire Phlegethon
6%
River of woe Acheron
5%
Achilles' war prize Briseis
5%
Gaia's weird hundred-handed kids Hecatonchires
5%
Titan goddess of astrology Asteria
4%
Also born from the death of Medusa Chrysaor
4%
Goddess of childbirth Eileithyia
4%
Goddess of health Hygeia
4%
Prisoner of Tartarus who attempted to seduce Hera Ixion
4%
Metal workers with flippers instead of hands and the heads of dogs Telkhines
4%
River of lamentation Cocytus
3%
In some myths, she is the mother of Aphrodite by Zeus Dione
3%
The other wife of Zeus; mother to the Charites Eurynome
3%
Was turned into a deer by Artemis after seeing her bathing in the woods. Actaeon
2%
Mountain gods Ourea
2%
Prisoner of Tartarus who pretended to be Zeus Salmoneus
1%
Prisoner of Tartarus who attempted to rape Leto Tityos
0%
No matching quizzes found
Score Distribution
Percent of People with Each Score
Percentile by Number Answered
Your Score History
You have not taken this quiz